000
00289nam a2200133Ia 4500
100
_a
Elliotte/Rusty Harold
942
_c
BK
654
_a
Computer
245
_a
Java Network programming
260
_b
Oreilly & Ass Inc
_c
1997
082
_a
005.13 (J)
546
_a
ENGLISH
999
_c
32955
_d
32955